Islamic Studies IS201 (Record no. 9466)
[ view plain ]
| 000 -LEADER | |
|---|---|
| fixed length control field | 00373 a2200133 4500 |
| 040 ## - CATALOGING SOURCE | |
| Original cataloging agency | DLC |
| Language of cataloging | DLC |
| 082 ## - DEWEY DECIMAL CLASSIFICATION NUMBER | |
| Classification number | 297.09 SAA |
| 100 ## - MAIN ENTRY--PERSONAL NAME | |
| Personal name | Dr. Saad Siddiqui |
| 245 ## - TITLE STATEMENT | |
| Title | Islamic Studies IS201 |
| Statement of responsibility, etc. | Dr. Saad Siddiqui |
| Medium | CD-ROM |
| 260 ## - PUBLICATION, DISTRIBUTION, ETC. | |
| Place of publication, distribution, etc. | Lahore: |
| Name of publisher, distributor, etc. | Virtual University, |
| Date of publication, distribution, etc. | 2005. |
| 300 ## - PHYSICAL DESCRIPTION | |
| Accompanying material | 3 CD-ROMs |
| 500 ## - GENERAL NOTE | |
| General note | Lectures: 1-5, 6-10, 11-16 (3 CD-ROMs) |
| 942 ## - ADDED ENTRY ELEMENTS (KOHA) | |
| Koha item type | CD,DVDs |
| Call number prefix | 297.09 SAA |
| Source of classification or shelving scheme | |
| Withdrawn status | Lost status | Damaged status | Not for loan | Collection code | Permanent Location | Current Location | Shelving location | Date acquired | Source of acquisition | Cost, normal purchase price | Total Checkouts | Full call number | Barcode | Date last seen | Price effective from | Koha item type |
|---|---|---|---|---|---|---|---|---|---|---|---|---|---|---|---|---|
| Central Library (CL) | Central Library (CL) | General Stacks | 08/03/2005 | New Public Book | 40.00 | 297.09 SAA | SEECS006262 | 11/14/2012 | 01/05/2017 | CD,DVDs | ||||||
| Central Library (CL) | Central Library (CL) | General Stacks | 08/03/2005 | New Public Book | 40.00 | 297.09 SAA | SEECS006263 | 11/14/2012 | 01/05/2017 | CD,DVDs | ||||||
| Central Library (CL) | Central Library (CL) | General Stacks | 08/03/2005 | New Public Book | 40.00 | 297.09 SAA | SEECS006264 | 11/14/2012 | 01/05/2017 | CD,DVDs |
